13th Century A-Z - Statistics

General Stats
  • This quiz has been taken 10,263 times
  • The average score is 19 of 26
Answer Stats
Year Hint Answer % Correct
G 1206 Khan who founded the Mongol Empire Genghis
96%
C 1209 City where England's second oldest university was founded Cambridge
95%
O 1299 Empire established by Osman I Ottoman Empire
93%
M 1215 Agreement signed by King John of England which restricted royal power {Magna} {Carta}
88%
P 1271 Venetian merchant who embarked on a journey to China Marco Polo
87%
N 1204 Region (then controlled by the King of England) which was recaptured by France Normandy
87%
B 1258 City in the Middle East sacked by the Mongols Baghdad
85%
J 1290 Group of people who were expelled from England Jews
84%
H 1241 Country where the Mongols defeated a Christian army at the Battle of Mohi Hungary
83%
Z 1200s Metal which was isolated for the first time, in India Zinc
82%
F 1202 Italian mathematician whose "Liber Abaci" mentions the sequence beginning 1, 1, 2, 3, 5 Fibonacci
80%
K 1271 Khan who established the Yuan dynasty after conquering China Kublai
80%
E 1250 Country where the Mamluk Sultanate came to power Egypt
75%
Q 1215 Writing device used to write M Quill
75%
D 1200s Title of the leader of Venice Doge
74%
X 1234 Chinese city, then known as Chang'an, which was conquered by the Mongols Xi'an
71%
I 1200s Name of two different popes who reigned in this century Innocent
69%
A 1274 Priest who wrote "Summa Theologica", unfinished at the time of his death Thomas {Aquinas}
69%
U 1200s Largest city in the Netherlands during this period Utrecht
68%
S 1248 Islamic city which was captured by the Kingdom of Castile as part of the Reconquista Seville
67%
W 1200s England's main export during this century Wool
64%
Y 1200s Preferred wood used to make English longbows Yew
58%
T 1226 Crusader knights who established their own country on the Baltic Sea {Teutonic} Order
55%
V 1215 Material (made of animal skin) on which M was written Vellum
31%
L 1204–1261 Term for the Byzantine Empire when it was ruled by Crusaders from Western Europe {Latin} Empire
30%
R 1207–1273 Probably history's most well-known Persian poet Rumi
22%
No matching quizzes found
Score Distribution
Percent of People with Each Score
Percentile by Number Answered
Your Score History
You have not taken this quiz